सीता- राम / (Record no. 16942)
[ view plain ]
| 000 -LEADER | |
|---|---|
| fixed length control field | 01357nam a22003017a 4500 |
| 005 - DATE AND TIME OF LATEST TRANSACTION | |
| control field | 20081021100252.0 |
| 008 - FIXED-LENGTH DATA ELEMENTS--GENERAL INFORMATION | |
| fixed length control field | 081021t xxu||||| |||| 00| 0 hin d |
| 010 ## - LCCN (DPL NO) | |
| LC control number | HIN-84471 |
| 020 ## - INTERNATIONAL STANDARD BOOK NUMBER | |
| International Standard Book Number | 9788190543330 |
| Terms of availability | 400.00 |
| 035 ## - SYSTEM CONTROL NUMBER | |
| System control number | HN-56817 |
| 037 ## - SOURCE OF ACQUISITION | |
| Source of stock number/acquisition | DBAD / PUB |
| 040 ## - CATALOGING SOURCE | |
| Original cataloging agency | DPL |
| Language of cataloging | HN |
| 082 ## - DEWEY DECIMAL CLASSIFICATION NUMBER | |
| Classification number | 230.1 |
| 100 ## - MAIN ENTRY--PERSONAL NAME | |
| Personal name | नागर, जनार्दन राय |
| 245 ## - TITLE STATEMENT | |
| Title | सीता- राम / |
| Statement of responsibility, etc | जनार्दन राय नागर |
| 246 ## - VARYING FORM OF TITLE | |
| Title proper/short title | Sita-Ram |
| Remainder of title | by Janaardan Ray Naagar |
| 260 ## - PUBLICATION, DISTRIBUTION, ETC. (IMPRINT) | |
| Place of publication, distribution, etc | जयपुर |
| Name of publisher, distributor, etc | हस्तलिपि |
| Date of publication, distribution, etc | 2008 |
| 270 ## - ADDRESS | |
| Address | गीतांजलि अपार्टमेंट, 1926, नाटाणियों का रास्ता |
| City | जयपुर |
| Postal code | 302003 |
| Telephone number | मो. 9414068211 |
| 300 ## - PHYSICAL DESCRIPTION | |
| Extent | 248पृ |
| Dimensions | 22सेमी (सजिल्द) |
| 650 ## - SUBJECT ADDED ENTRY--TOPICAL TERM | |
| Topical term or geographic name as entry element | वालमीकि रामायण |
| 650 ## - SUBJECT ADDED ENTRY--TOPICAL TERM | |
| Topical term or geographic name as entry element | Valmiki Ramayana |
| 650 ## - SUBJECT ADDED ENTRY--TOPICAL TERM | |
| Topical term or geographic name as entry element | राम ( हिन्दू देवता ) |
| 650 ## - SUBJECT ADDED ENTRY--TOPICAL TERM | |
| Topical term or geographic name as entry element | Rama ( Hindu deity ) |
| 650 ## - SUBJECT ADDED ENTRY--TOPICAL TERM | |
| Topical term or geographic name as entry element | सीता ( हिन्दू देवी ) |
| 650 ## - SUBJECT ADDED ENTRY--TOPICAL TERM | |
| Topical term or geographic name as entry element | Sita ( Hindu deity ) |
| 942 ## - ADDED ENTRY ELEMENTS (KOHA) | |
| Source of classification or shelving scheme | Dewey Decimal Classification |
| Item type | Hindi Books |
| Call number suffix | नागर |
| Classification part | 230.1 |
| Withdrawn status | Lost status | Source of classification or shelving scheme | Damaged status | Not for loan | Collection code | Home library | Current library | Date acquired | Source of acquisition | Cost, normal purchase price | Total Checkouts | Full call number | Barcode | Date last seen | Copy number | Cost, replacement price | Koha item type |
|---|---|---|---|---|---|---|---|---|---|---|---|---|---|---|---|---|---|
| Dewey Decimal Classification | Not For Loan | Non-fiction | D.B.Act.Division | D.B.Act.Division | 21/10/2008 | DBAD / PUB | 400.00 | 230.1 नागर | HN-56817 | 21/10/2008 | 1 | 400.00 | Hindi Books |
